ბათუმის შოთა რუსთაველის სახელმწიფო უნივერსიტეტის ბიბლიოთეკა

Расход материалов на специальные строителные работы. (ბიბ.ჩანაწერი № 40793)

000 -LEADER
fixed length control field 00737nam a2200217Ia 4500
001 - CONTROL NUMBER
control field 7433
003 - CONTROL NUMBER IDENTIFIER
control field GE_BSU
008 - FIXED-LENGTH DATA ELEMENTS--GENERAL INFORMATION
fixed length control field 181216s||||||||xx |||||||||||||| ||und||
040 ## - CATALOGING SOURCE
Transcribing agency GE_BSU
080 ## - UNIVERSAL DECIMAL CLASSIFICATION NUMBER
Universal Decimal Classification number 69(035.5)
100 ## - MAIN ENTRY--PERSONAL NAME
Personal name Днипровский,С.И.
245 ## - TITLE STATEMENT
Title Расход материалов на специальные строителные работы.
245 ## - TITLE STATEMENT
Remainder of title Справочник.
245 ## - TITLE STATEMENT
Statement of responsibility, etc. Ред. Е.А.Щулык, Н.М.Демидова, О.И.Злотина.
260 ## - PUBLICATION, DISTRIBUTION, ETC.
Place of publication, distribution, etc. Киев.
260 ## - PUBLICATION, DISTRIBUTION, ETC.
Name of publisher, distributor, etc. Будiвельник.
260 ## - PUBLICATION, DISTRIBUTION, ETC.
Date of publication, distribution, etc. 1984.
300 ## - PHYSICAL DESCRIPTION
Extent 608стр. 22 см.
653 ## - INDEX TERM--UNCONTROLLED
Uncontrolled term Расход материалов на специальные строителные работы.
942 ## - ADDED ENTRY ELEMENTS (KOHA)
Koha item type წიგნი
ეგზემპლარები
Withdrawn status Lost status Damaged status Not for loan Date acquired Barcode Date last seen Price effective from Koha item type
        2018-12-17 11859 2018-12-17 2018-12-17 წიგნი
        2018-12-17 11860 2018-12-17 2018-12-17 წიგნი
        2018-12-17 11861 2018-12-17 2018-12-17 წიგნი